| 000 | 01161nam a22003377a 4500 | ||
|---|---|---|---|
| 001 | BR7310905 | ||
| 003 | BR-BrBNA | ||
| 005 | 20230928084223.0 | ||
| 007 | ta | ||
| 008 | 230509b bl.||||| |||| 00| 0 por d | ||
| 040 |
_aBR-BrBNA _bpor _cBiblioteca Nacional de Agricultura |
||
| 041 | _a(Por) | ||
| 072 |
_aE70; L30 _b8957 _b/G514 |
||
| 090 | _ 8957 BR7310905 | ||
| 110 | 1 |
_aCentro de Treinamento em Desenvolvimento Economico, Fortaleza, CE (Brasil) _91678 |
|
| 245 | 1 |
_aProjeto farinha de peixe S.A. [mercado, Para, Brasil] _b2. Curso Nacional de Elaboracao e Avaliacao de Projetos |
|
| 260 | 3 |
_aFortaleza, CE (Brasil): _c[nd]. |
|
| 300 | _a228 p. | ||
| 500 | _aSummary (Por); 23 tables; 27 ref.; Published 1972? (*) Documento disponível na(o) Centro de Treinamento em Desenvolvimento Economico, Fortaleza, CE (Brazil) | ||
| 650 | _aPROJETO INDUSTRIAL | ||
| 650 | _aFARINHA DE PEIXE | ||
| 650 | _aMERCADO | ||
| 650 | _aCOMERCIALIZACAO | ||
| 650 | _aMECANIZACAO INDUSTRIAL | ||
| 650 | _aORCAMENTO | ||
| 650 | _aFINANCIAMENTO | ||
| 650 | _aTECNOLOGIA DE ALIMENTO | ||
| 650 | _aPARA | ||
| 909 |
_a202309 _bLucia _c55 _dLucia Elande |
||
| 942 | _cBK | ||
| 999 |
_c17532 _d17532 |
||